000 01789nam1a2200361 i 4500
001 RU\NLR\bibl\980504
005 20241213115536.0
010 _a5-903-127-01-0
035 _a(NLR Aleph) 000968405
090 _a383691
_c383691
100 _a20060905g20069999u y0rusy50 ca
101 0 _arus
102 _aRU
105 _a||||b |||||
200 1 _aКаталог-справочник технического специалиста по системам безопасности
_e[настольная книга проектных, монтажных организаций инженеров и консультантов менеджеров торговых компаний сотрудников служб безопасности разработчиков технических средств]
205 _a3-е изд.
210 _aМосква
_cТК ТИНКО
_d2006
215 _d29
225 1 _aСамое полное собрание Российской техники
225 1 _aТехнические средства безопасности ТИНКО
300 _aНа обл. только част. загл. тома и подзаг.
313 _aохранно-пожарная сигнализация
463 0 _1001960600
463 0 _1001961868
606 1 _aОхранная сигнализация
_jКаталоги
_xАппараты и приборы
_92226985
_3RU\NLR\auth\661336861
606 1 _aПожарная сигнализация
_jКаталоги
_xАппараты и приборы
_91904706
_3RU\NLR\auth\66867447
686 _aЗ885.24-5я87
686 _aН960.2-571я87
801 0 _aRU
_bNLR
_c20060905
_grcr
801 1 _aRU
_bNLR
_c20060905
852 _aNLR
_jПт 2006-2/50
942 _cBOOK